| 000 | 00862nam a2200265Ia 4500 | ||
|---|---|---|---|
| 001 | 16397 | ||
| 003 | GE_BSU | ||
| 008 | 181216s||||||||xx |||||||||||||| ||und|| | ||
| 020 | _a9781849202978 | ||
| 040 | _cGE_BSU | ||
| 080 | _a327 | ||
| 100 | _aLundestad, Geir, | ||
| 245 | _aEast, West, North, South | ||
| 245 | _bMajor Developments in International Politics Since 1945 | ||
| 250 | _aRev. 6th ed | ||
| 260 | _aLos Angeles ; London | ||
| 260 | _bSAGE, | ||
| 260 | _c2011 | ||
| 300 | _axii, 300 p. : ill., maps ; 25 cm. | ||
| 541 | _h135gel | ||
| 653 | _aEast, West, North, South | ||
| 653 | _aNow in its sixth edition, Geir Lundestad’s popular and long-established introduction to the history and major developments of International Politics since 1945 has been fully revised and updated to | ||
| 653 | _aპოლიტიკა | ||
| 942 | _cBK | ||
| 999 |
_c49473 _d49473 |
||